MARC

LEADER 00000nam0a2200000 4500
001 293537
005 20231102000613.0
020 |a RU  |b 83-94812 
035 |a (RuTPU)RU\TPU\book\318575 
090 |a 293537 
100 |a 20150502d1983 k y0rusy5003 ca 
101 0 |a rus 
102 |a RU 
105 |a a z 001zy 
200 1 |a Автоматизация физического эксперимента на критических сборках  |f Е. С. Матусевич [и др.] 
210 |a Москва  |c Энергоатомиздат  |d 1983 
215 |a 102 с.  |c ил. 
225 1 |a Физика ядерных реакторов  |a Вып. N 25 
320 |a Библиогр.: с. 99-101 
606 1 |a Ядерные исследования  |2 stltpush  |3 (RuTPU)RU\TPU\subj\21606  |9 46565 
610 1 |a автоматизация 
610 1 |a информационные системы 
610 1 |a измерительные системы 
610 1 |a физический эксперимент 
610 1 |a реакторы 
610 1 |a ядерно-физические характеристики 
610 1 |a измерительно-вычислительные комплексы 
610 1 |a программное обеспечение 
675 |a 539.14  |z rus  |v 4 
701 1 |a Матусевич  |b Е. С.  |g Евгений Сергеевич 
701 1 |a Баландин  |b А. Ф. 
701 1 |a Регушевский  |b В. И. 
701 1 |a Тарасов  |b В. А. 
801 0 |a RU  |b RuMRKP  |c 19950704  |g psbo 
801 1 |a RU  |b 63413507  |c 20150502 
801 2 |a RU  |b 63413507  |c 20170720  |g RCR 
942 |c BK